000 01066cam a22002171 4500
001 8258919
005 20210418102921.0
008 760802s1922 mauafb b 000 0 eng
040 _aCENDOC CAAAP
_cCAAAP
050 _aFP
_b82.6 F23
100 1 _aFarabee, William Curtis
_92277
245 1 0 _aIndian tribes of eastern Peru,
_cby William Curtis Farabee; introduction by Louis John de Milhau; twenty-eight plates and twenty illustrations in the text.
260 _aCambridge, Mass.,
_bThe Museum,
_c1922.
300 _axiv, 194 p.,
_bil., 28 pl. (incl. mapa pleg.)
_c25 cm.
490 0 _aPapers of the Peabody museum of American archaeology and ethnology, Harvard university, vol. X)
504 _aBibliografía: p. 183-188.
505 _aArawakan stock -- Panoan stock -- Jivaran stock -- Witotan stock -- Miranhan group -- Tupian stock -- Somatic characters -- Archaeological remains.
650 0 _aIndígenas de América del Sur
_zPerú
_91985
_xFolclore
650 0 _aIndígenas de América del Sur
_zPerú
_xLenguas
_92278
942 _2lcc
_bDD - MM - AA
_cBK
999 _c949
_d949